<?xml version="1.0" encoding="UTF-8"?>
<record
    xmlns:xsi="http://www.w3.org/2001/XMLSchema-instance"
    xsi:schemaLocation="http://www.loc.gov/MARC21/slim http://www.loc.gov/standards/marcxml/schema/MARC21slim.xsd"
    xmlns="http://www.loc.gov/MARC21/slim">

  <leader>02085nam a2200241 a 4500</leader>
  <controlfield tag="001">BS0003081</controlfield>
  <controlfield tag="003">BR-BrBNA</controlfield>
  <controlfield tag="005">20230418192219.0</controlfield>
  <controlfield tag="008">230308b |||||||| |||| 00| 0 por d</controlfield>
  <datafield tag="040" ind1=" " ind2=" ">
    <subfield code="a">BR-BrBNA</subfield>
    <subfield code="b">por</subfield>
    <subfield code="c">Biblioteca Nacional de Agricultura</subfield>
  </datafield>
  <datafield tag="041" ind1=" " ind2=" ">
    <subfield code="a">por</subfield>
  </datafield>
  <datafield tag="072" ind1=" " ind2=" ">
    <subfield code="a">D50</subfield>
  </datafield>
  <datafield tag="090" ind1=" " ind2=" ">
    <subfield code="a">D50 BS0003081</subfield>
  </datafield>
  <datafield tag="100" ind1="1" ind2=" ">
    <subfield code="a">Paulo, Vicente.</subfield>
  </datafield>
  <datafield tag="245" ind1="1" ind2=" ">
    <subfield code="a">Controle de Constitucionalidade / </subfield>
  </datafield>
  <datafield tag="250" ind1="1" ind2=" ">
    <subfield code="a">8. ed.</subfield>
  </datafield>
  <datafield tag="260" ind1="3" ind2=" ">
    <subfield code="a">Rio de Janeiro, RJ.: </subfield>
    <subfield code="b">M&#xE9;todo, </subfield>
    <subfield code="c">2008. </subfield>
  </datafield>
  <datafield tag="300" ind1=" " ind2=" ">
    <subfield code="a">221 p.</subfield>
  </datafield>
  <datafield tag="520" ind1="3" ind2=" ">
    <subfield code="a">Em um estado democr&#xE1;tico de direito, dotado de constitui&#xE7;&#xE3;o r&#xED;gida, o controle de validade das leis desempenha fundamental papel de garantia dos indiv&#xED;duos ante o Poder P&#xFA;blico, ao extirpar do mundo jur&#xED;dico normas e condutas que contrariem a vontade soberana do povo, manifestada no texto constitucional. Nesta obra, estudamos o sistema de controle de constitucional idade das leis no Brasil, formado a partir de influ&#xEA;ncias do Direito norte-americano (controle difuso)e do Direito europeu (controle concentrado), e enriquecido pela doutrina e jurisprud&#xEA;ncia p&#xE1;trias, especialmente, esta &#xFA;ltima, firmada pelo Supremo Tribunal Federal, nossa Corte Constitucional. Com objetividade e concis&#xE3;o, foram tratados todos os aspectos relevantes e atuais pertinentes ao controle de normas no Brasil, cabendo destacar, entre outros: controles exercidos pelo Judici&#xE1;rio, Executivo e Legislativo; controles abstrato e difuso, inclusive o exame de 'repercuss&#xE3;o geral"; as diferentes a&#xE7;&#xF5;es no controle abstrato; controle do direito pr&#xE9;-constitucional; s&#xFA;mula vinculante; "s&#xFA;mula impeditiva de recurso"; "bloco de constitucionalidade"; "transcend&#xEA;ncia dos motivos determinantes"; "agravamento do estado de inconstitucionalidade"; t&#xE9;cnicas de decis&#xE3;o, como a 'interpreta&#xE7;&#xE3;o conforme a Constitui&#xE7;&#xE3;o'; a declara&#xE7;&#xE3;o parcial de nulidade sem redu&#xE7;&#xE3;o de texto, a modula&#xE7;&#xE3;o dos efeitos temporais, o 14apelo ao legislador", a declara&#xE7;&#xE3;o de "lei ainda constitucional".</subfield>
  </datafield>
  <datafield tag="650" ind1=" " ind2=" ">
    <subfield code="a">CONSTITUI&#xC7;&#xC3;O</subfield>
  </datafield>
  <datafield tag="909" ind1=" " ind2=" ">
    <subfield code="a">202304</subfield>
    <subfield code="b">Sergio Santos</subfield>
    <subfield code="c">56</subfield>
    <subfield code="d">Sergio Santos</subfield>
  </datafield>
  <datafield tag="942" ind1=" " ind2=" ">
    <subfield code="c">BK</subfield>
  </datafield>
  <datafield tag="999" ind1=" " ind2=" ">
    <subfield code="c">8139</subfield>
    <subfield code="d">8139</subfield>
  </datafield>
  <datafield tag="952" ind1=" " ind2=" ">
    <subfield code="0">0</subfield>
    <subfield code="2">AGRIS</subfield>
    <subfield code="4">0</subfield>
    <subfield code="7">0</subfield>
    <subfield code="8">CULTURAL</subfield>
    <subfield code="a">41918</subfield>
    <subfield code="b">41918</subfield>
    <subfield code="l">0</subfield>
    <subfield code="o"> D50 BS0003081 </subfield>
    <subfield code="p">D50 BS0003081</subfield>
    <subfield code="r">2023-04-12</subfield>
    <subfield code="t">01</subfield>
    <subfield code="y">BK</subfield>
    <subfield code="1">0</subfield>
    <subfield code="d">2023-04-04</subfield>
    <subfield code="e">Doa&#xE7;&#xE3;o</subfield>
    <subfield code="f">D50</subfield>
  </datafield>
</record>
